Riconosci il Pokémon - Quiz n°225 - Statistics

Statistiche generali
  • Questo quiz è stato fatto 0 volte
  • Il punteggio medio è 0 su 10
Statistiche sulle risposte
Indizio Risposta % Corretto
Altezza 1,20 m
0%
Peso 31,6 kg
0%
Tasso di cattura 45 (11.9%)
0%
Sesso 50% ♂, 50% ♀
0%
Tipo Coleottero / Veleno
0%
Pokémon Dustox
0%
Tasso di allevamento Medio-Veloce
0%
Abilità Polvoscudo; Insettocchi
0%
Stadio evoluzione Seconda evoluzione
0%
Generazione Terza
0%
Nessun quiz corrispondente trovato
Distribuzione punteggi
Percentuale di utenti per punteggio
Percentile per numero di risposta
I tuoi punteggi nel tempo
Non hai fatto questo quiz